Dialogue avec Heidegger: (Record no. 98162)
[ view plain ]
| 000 -LEADER | |
|---|---|
| fixed length control field | 00542cam1a220016900 4500 |
| 005 - DATE AND TIME OF LATEST TRANSACTION | |
| control field | 20190819093738.0 |
| 008 - FIXED-LENGTH DATA ELEMENTS--GENERAL INFORMATION | |
| fixed length control field | 980326 |
| 020 ## - INTERNATIONAL STANDARD BOOK NUMBER | |
| International Standard Book Number | 2707310085 |
| 035 ## - SYSTEM CONTROL NUMBER | |
| System control number | (Sirsi) a141191 |
| 050 #0 - LIBRARY OF CONGRESS CALL NUMBER | |
| Classification number | B3501 |
| Item number | Bea 1985 |
| 100 1# - MAIN ENTRY--PERSONAL NAME | |
| Personal name | Beaufret, Jean |
| Linkage | A110511.1 |
| 245 10 - TITLE STATEMENT | |
| Title | Dialogue avec Heidegger: |
| Remainder of title | le chemin de Heidegger / |
| Statement of responsibility, etc. | Jean Beaufret. |
| 260 ## - PUBLICATION, DISTRIBUTION, ETC. | |
| Place of publication, distribution, etc. | Paris: |
| Name of publisher, distributor, etc. | Minuit, |
| Date of publication, distribution, etc. | 1985. |
| 504 ## - BIBLIOGRAPHY, ETC. NOTE | |
| Bibliography, etc. note | Bibliography |
| 650 #0 - SUBJECT ADDED ENTRY--TOPICAL TERM | |
| Topical term or geographic name entry element | Philosophy, -- Greek(modern) |
| General subdivision | Philosophy, -- Greek(modern) |
| Linkage | S84429.1 |
| 650 #0 - SUBJECT ADDED ENTRY--TOPICAL TERM | |
| Topical term or geographic name entry element | Philosophy |
| Linkage | S3111.1 |
No items available.